000 00813nam a2200241Ia 4500
005 20251020182500.0
008 200515s9999 xx 000 0 und d
082 _a624.94/M12
100 _aMcCormac, Jack C.
245 0 _aDiseño de estructuras metálicas
250 _a1a ed.
260 _aMéxico, D.F.
260 _bRepresentaciones y Servicios de Ingeniería
260 _c1975
300 _a789 p.
300 _bil., tbl., graf.
500 _a1 ejemplar
520 _aDesarrollo elemental del diseño en acero estructural. El propósito es exponer las teorías fundamentales necesarias para el diseño de estructuras de acero, sencillas, en forma tal, que se despierte el interés en la materia.
650 _aESTRUCTURAS
650 _aESTRUCTURAS METALICAS
942 _cLIB
999 _c1134
_d1134